[Event "XXXII C.to Italiano a squadre A1 Sud"]
[Site "ITA"]
[Date "2000.02.20"]
[Round "1"]
[White "Malfagia, Andrea"]
[Black "Efimov, Igor"]
[Result "0-1"]
[WhiteElo "2244"]
[BlackElo "2537"]
[PlyCount "60"]
[EventDate "2000.02.20"]

1. d4 e6 2. c4 c5 3. d5 exd5 4. cxd5 d6 5. Nc3 g6 6. e4 Bg7 7. Nf3 Ne7 8. Bf4
a6 9. a4 O-O 10. Be2 h6 11. h3 g5 12. Bh2 Ng6 13. O-O Qf6 14. Nd2 Nd7 15. Ra3
Nde5 16. Qc2 Qe7 17. Re1 f5 18. exf5 Bxf5 19. Nce4 Rae8 20. Re3 Nf4 21. Qb3 Kh8
22. Bf1 b5 23. axb5 axb5 24. Bxb5 Rb8 25. Nc3 Qf7 26. Nde4 Qg6 27. Qd1 c4 28.
Ng3 Ned3 29. Nxf5 Qxf5 30. Bxc4 Nxb2 0-1

[Event "XXXII C.to Italiano a squadre A1 Sud"]
[Site "ITA"]
[Date "2000.02.20"]
[Round "1"]
[White "Martorelli, Antonio"]
[Black "Naumkin, Igor"]
[Result "0-1"]
[WhiteElo "2271"]
[BlackElo "2498"]
[PlyCount "86"]
[EventDate "2000.02.20"]

1. e4 e6 2. Nf3 d5 3. Nc3 Nf6 4. e5 Nfd7 5. d4 c5 6. Bb5 Nc6 7. O-O Be7 8. Re1
O-O 9. Ne2 a6 10. Bxc6 bxc6 11. Nf4 Bb7 12. a4 cxd4 13. Qxd4 c5 14. Qd2 d4 15.
Qe2 Qc7 16. Nh5 g6 17. Nf4 Bxf3 18. Qxf3 Nxe5 19. Qh3 Bd6 20. Qh6 Rae8 21. Ra3
f5 22. Rh3 Qg7 23. Qxg7+ Kxg7 24. Kf1 g5 25. Nh5+ Kg6 26. Bxg5 Ng4 27. Bf4 e5
28. Bd2 f4 29. Rh4 Ne3+ 30. Bxe3 fxe3 31. f3 Rb8 32. Rb1 e4 33. Ke2 Rb4 34. f4
Be7 35. Rh3 c4 36. g4 d3+ 37. cxd3 cxd3+ 38. Kxe3 Bc5+ 39. Kd2 Rfb8 40. Ng3
Rxb2+ 41. Rxb2 Rxb2+ 42. Kc1 d2+ 43. Kd1 e3 0-1

[Event "XXXII C.to Italiano a squadre A1 Sud"]
[Site "ITA"]
[Date "2000.03.05"]
[Round "2"]
[White "Djuric, Stefan"]
[Black "Naumkin, Igor"]
[Result "0-1"]
[WhiteElo "2491"]
[BlackElo "2498"]
[PlyCount "49"]
[EventDate "2000.02.20"]

1. e4 e6 2. Qe2 c5 3. Nf3 Nc6 4. g3 Nf6 5. Bg2 Be7 6. O-O O-O 7. e5 Ne8 8. b3
d6 9. Bb2 dxe5 10. Nxe5 Nd4 11. Qd1 Bf6 12. Re1 Qc7 13. f4 Nd6 14. d3 Bd7 15.
Nd2 Rad8 16. Rb1 g6 17. b4 Ba4 18. Nb3 N6f5 19. bxc5 Nxb3 20. cxb3 Qxc5+ 21.
Kh1 Qb6 22. Rc1 Rfe8 23. Qd2 Bg7 24. Bc3 Bxe5 25. Rxe5 0-1

[Event "XXXII C.to Italiano a squadre A1 Sud"]
[Site "ITA"]
[Date "2000.03.05"]
[Round "2"]
[White "Malfagia, Andrea"]
[Black "Vallifuoco, Giacomo"]
[Result "0-1"]
[WhiteElo "2244"]
[BlackElo "2366"]
[PlyCount "64"]
[EventDate "2000.02.20"]

1. d4 Nf6 2. c4 e6 3. Nc3 Bb4 4. Bg5 c5 5. d5 h6 6. Bh4 Bxc3+ 7. bxc3 d6 8. e3
Qe7 9. Bd3 Nbd7 10. dxe6 Qxe6 11. Nf3 O-O 12. O-O b6 13. Qc2 Bb7 14. Nd2 Qg4
15. Bg3 Ne5 16. Bf5 Qh5 17. f4 Neg4 18. Rae1 Rfe8 19. e4 g6 20. Bxg4 Qxg4 21.
f5 g5 22. Bxd6 Nxe4 23. h3 Qh4 24. Nxe4 Bxe4 25. Qa4 Red8 26. Rd1 Bb7 27. Rfe1
g4 28. Qc2 gxh3 29. Be7 Qg3 30. Bxd8 Bxg2 31. Re8+ Kh7 32. f6+ Be4+ 0-1

[Event "XXXII C.to Italiano a squadre A1 Sud"]
[Site "ITA"]
[Date "2000.03.05"]
[Round "2"]
[White "Rago, Riccardo"]
[Black "Efimov, Igor"]
[Result "0-1"]
[WhiteElo "2209"]
[BlackElo "2537"]
[PlyCount "80"]
[EventDate "2000.02.20"]

1. e4 c5 2. Nf3 d6 3. d4 cxd4 4. Nxd4 Nf6 5. Nc3 Nc6 6. Be2 g6 7. Be3 Bg7 8.
Qd2 O-O 9. h4 Nxd4 10. Bxd4 Qa5 11. f3 Rd8 12. h5 e5 13. Be3 d5 14. exd5 Nxd5
15. Nxd5 Qxd2+ 16. Bxd2 Rxd5 17. hxg6 hxg6 18. O-O-O Be6 19. Be3 a6 20. Rxd5
Bxd5 21. Rd1 Bc6 22. c4 Rc8 23. b3 Bf8 24. Bg5 Kg7 25. Rd8 Rc7 26. Bh6+ Kxh6
27. Rxf8 Kg5 28. g3 f5 29. Kd2 Rh7 30. Ke3 f4+ 31. gxf4+ exf4+ 32. Kf2 Rh2+ 33.
Ke1 Rh1+ 34. Kd2 Ra1 35. a4 Ra2+ 36. Kd3 Bd7 37. Rf7 Bf5+ 38. Kd4 Rxe2 39. Rxb7
Re3 40. b4 Rxf3 0-1

[Event "XXXII C.to Italiano a squadre A1 Sud"]
[Site "ITA"]
[Date "2000.03.19"]
[Round "3"]
[White "Mariotti, Sergio"]
[Black "Sibilio, Mario"]
[Result "1-0"]
[WhiteElo "2356"]
[BlackElo "2380"]
[PlyCount "63"]
[EventDate "2000.02.20"]

1. e4 c6 2. Nc3 d5 3. Nf3 Bg4 4. h3 Bxf3 5. Qxf3 e6 6. d3 Bd6 7. Qe2 d4 8. Nb1
Ne7 9. g3 h5 10. h4 Nd7 11. Nd2 Bc7 12. Bh3 c5 13. Nf3 Nc6 14. Ng5 Ba5+ 15. Kf1
Qe7 16. Kg2 O-O-O 17. f4 Kb8 18. Bd2 Bxd2 19. Qxd2 Nf8 20. e5 f6 21. exf6 gxf6
22. Nxe6 Nxe6 23. Rhe1 Nxf4+ 24. Qxf4+ Ne5 25. Rf1 Rhf8 26. b3 Rd6 27. Rae1 a6
28. Qh6 Ka7 29. Rf5 Re6 30. Re4 Nf7 31. Rxe6 Qxe6 32. Qxf8 1-0

[Event "XXXII C.to Italiano a squadre A1 Sud"]
[Site "ITA"]
[Date "2000.03.19"]
[Round "3"]
[White "Naumkin, Igor"]
[Black "Gervasi, Giancarlo"]
[Result "1-0"]
[WhiteElo "2498"]
[BlackElo "2315"]
[PlyCount "62"]
[EventDate "2000.02.20"]

1. e4 e6 2. d4 d5 3. Nd2 Nc6 4. Ngf3 Nf6 5. e5 Nd7 6. Bb5 Be7 7. O-O a5 8. Re1
Na7 9. Bd3 b6 10. c3 c5 11. Nf1 Nc6 12. a4 Ba6 13. Bc2 Rc8 14. Be3 cxd4 15.
Bxd4 Qc7 16. Ne3 Nxd4 17. Qxd4 O-O 18. Rad1 Rfd8 19. h4 Nf8 20. h5 b5 21. axb5
Bxb5 22. Qg4 Be8 23. Bb1 a4 24. h6 g6 25. Ba2 Rb8 26. Rd2 a3 27. bxa3 Qxc3 28.
Rc2 Qxa3 29. Nd4 Ba4 30. Rce2 Rb4 31. Bb1 Qc3 1-0

[Event "XXXII C.to Italiano a squadre A1 Sud"]
[Site "ITA"]
[Date "2000.03.19"]
[Round "3"]
[White "Rago, Riccardo"]
[Black "Tassi, Oliviero"]
[Result "1/2-1/2"]
[WhiteElo "2209"]
[BlackElo "2305"]
[PlyCount "120"]
[EventDate "2000.02.20"]

1. e4 c5 2. Nf3 e6 3. d3 d5 4. Nbd2 Nc6 5. g3 Bd6 6. Bg2 Nge7 7. O-O O-O 8. Re1
Rb8 9. Nf1 f6 10. Ne3 d4 11. Nc4 e5 12. a4 Bc7 13. Bd2 b6 14. Nh4 a6 15. f4 b5
16. axb5 axb5 17. Na3 Be6 18. f5 Bf7 19. g4 Ba5 20. Nb1 Bxd2 21. Nxd2 c4 22.
Bf1 cxd3 23. cxd3 Nb4 24. Ndf3 h6 25. Qd2 Qd6 26. Re2 Ra8 27. Rxa8 Rxa8 28. Rg2
Kf8 29. Ne1 Nec6 30. Nhf3 Ra1 31. h4 Qc5 32. g5 Qc1 33. gxf6 gxf6 34. Kf2 Qxd2+
35. Nxd2 Ra2 36. Be2 Rxb2 37. Nef3 Bh5 38. Ke1 Nc2+ 39. Kf2 Na3 40. Rg1 b4 41.
Rc1 Be8 42. Bd1 Na7 43. Ke1 N7b5 44. Rc8 Nc3 45. Nxe5 Ke7 46. Ng6+ Kd7 47. Rb8
Nab1 48. Nc4 Rh2 49. Bf3 Na3 50. e5 Nxc4 51. dxc4 d3 52. e6+ Kc7 53. Rxe8 d2+
54. Kf1 Ne4 55. e7 Ng3+ 56. Kg1 Rh3 57. Rc8+ Kxc8 58. e8=Q+ Kc7 59. Qe7+ Kc8
60. Qe8+ Kc7 1/2-1/2